000 00470nam a2200169Ia 4500
005 20250423101217.0
008 250422s9999 xx 000 0 und d
020 _a0- 89096- 770- 9
050 _aDR 1313 .C66/
100 _aStjepan G. Mestrovic
245 4 _aThe conceit of innocence: losing the conscience of the west in the war against Bosnia
260 _bStjepan G. Mestrovic
260 _c1997
300 _a259 p
650 _aEthnopsychology
942 _cBK
999 _c35621
_d35621